Представление документа в формате RUSMARC

ПолеНазваниеЗначение
  Тип записи a
  Библиографический уровень m
001 Контрольный номер a57ab7db214b4e589eaee4cee9d45e7a
005 Дата корректировки 20140610103458.4
010 Индекс ISBN __
a ISBN 5-94628-080-5
200 Заглавие и сведения об ответственности 1_
a Заглавие ВТО:регулирование торговли услугами
f Первые сведения об ответственности Данилова Елена Владимировна
210 Выходные данные 1_
a Место издания М.
c Издательство Академкнига
d Дата издания 2003
215 Физическое описание __
a Объем 94 с.
610 Ключевые слова 0_
a Ключевые слова ВТО
610 Ключевые слова 0_
a Ключевые слова торговля услугами
610 Ключевые слова 0_
a Ключевые слова международное регулирование
610 Ключевые слова 0_
a Ключевые слова международные соглашения
610 Ключевые слова 0_
a Ключевые слова ГАТС
610 Ключевые слова 0_
a Ключевые слова ГАТТ
686 Индексы других классификаций __
a Классификационный индекс 65.584.3
2 Код системы rubbk
700 Автор _1
a Фамилия Данилова Елена Владимировна
801 Источник записи _0
a Страна RU
b Организация РУК
c Дата составления 20040531
g Правила каталогизации PSBO
801 Источник записи _1
a Страна RU
b Организация РУК
c Дата составления 20040531
g Правила каталогизации PSBO
852 Данные о местонахождении __
i Авторский знак Д18
j Шифр хранения ББК 65.5
901 Тип документа __
t Тип документа m
938 Служебная информация __
a Название организации Головной вуз
b Имя БД BOOK
c Название АИБС АИБС ИРБИС